Bizancio y España: el legado de la basilissa María y de los déspotas Thomas y Esaú de Joannina
Kaydedildi:
| Yazar: | |
|---|---|
| Materyal Türü: | Kitap |
| Dil: | İspanyolca |
| Baskı/Yayın Bilgisi: |
Barcelona, España
Consejo Superior de Investigaciones Científicas
1943
|
| Konular: | |
| Etiketler: |
Etiketle
Etiket eklenmemiş, İlk siz ekleyin!
|
MARC
| LEADER | 00000nam a2200000 a 4500 | ||
|---|---|---|---|
| 001 | UCO1248 | ||
| 003 | CL-VaPUC | ||
| 005 | 20210521001544.0 | ||
| 008 | 000512e19430000SP |||||||||||||||||spa|d | ||
| 999 | |c 287877 |d 287875 | ||
| 040 | |c Pontificia Universidad Católica de Valparaíso | ||
| 082 | 0 | 4 | |a 936.603 CIR 1943 |2 21 |
| 100 | 0 | |a Cirac Estopañan, Sebastián |e author |9 443189 | |
| 245 | 1 | 0 | |a Bizancio y España: |b el legado de la basilissa María y de los déspotas Thomas y Esaú de Joannina |
| 260 | |a Barcelona, España |b Consejo Superior de Investigaciones Científicas |c 1943 | ||
| 300 | |a 246 páginas | ||
| 583 | |a last modification |c 20000512 00:00:00 |k Rodrigo Vera | ||
| 650 | 0 | |a Historia antigua |9 267521 | |
| 650 | 0 | |a Historia de España |9 315435 | |
| 650 | 7 | |a BIZANCIO |2 CL-VaPUC |9 433642 | |
| 650 | 7 | |a INFLUENCIA CULTURAL |2 CL-VaPUC |9 427164 |z BIZANCIO |z ESPAÑA | |
| 852 | |a BIBCUR | ||
| 942 | |c BK |2 ddc | ||
| 945 | |d 20000512 00:00:00 |a rherrera | ||
| 952 | |0 0 |1 0 |2 ddc |4 0 |6 936_603000000000000_CIR_1943 |7 0 |8 X |9 334957 |a BIBHIS |b BIBHIS |d 2019-11-20 |h v.1 |i 126995K |o 936.603 CIR 1943 |p 126995K |r 2024-01-30 |t 1 |w 2019-11-20 |y BK_X |k HIS | ||